000 nam a22 4500
999 _c140496
_d140494
005 20180503121603.0
008 180503b bl||||| |||| 00| 0 spa d
050 0 4 _aN31
_bM86 1996
245 0 3 _aEl mundo del arte
_c/ Trewin Copplestone, Bernardo S. Myers, planificadores de obra
246 3 4 _aEl mundo del arte :
_blas artes plásticas de sus orígenes a la actualidad
250 _a1a ed.
260 _aBrasil :
_bexpressao e cultura,
_c1966.
300 _a10 vol. :
_bil. ;
_c29 cm.
504 _aIncluye bibliografía e indice.
505 0 _tV.1 El arte prehistórico y primitivo /
_rAndreas Lommel
_tV.2 Mundo antiguo /
_rGiovanni Garbini
_tV.3 Antigüedad clásica /
_rDonald Strong
_tV.4 Cristianidad clásica y bizantina /
_rJean Lassus
_tV.5 Mundo islámico /
_rErnst J. Grube
_tV.6 Mundo oriental /
_rJeannine Auboyer
_tV.7 Mundo medieval /
_rPeter Kidson
_tV.8 El renacimiento /
_rAndrew Martindale
_tV.9 El barroco /
_rMichael Kitson
_tV.10 Arte moderno /
_rNorbert Lyton
650 7 _2lemb
_aArtes plasticas
_vEnciclopedias
700 1 _ddirector
_aCopplestone, Trewin
700 1 _aMyers, Bernardo S.
_ddirector
700 1 _aLommel, Andreas
_eautor
700 1 _aGarbini, Giovanni
_eautor
700 1 _aStrong, Donald
_eautor
700 1 _aLassus, Jean
_eautor
700 1 _aJ. Grube, Ernst
_eautor
700 1 _aAuboyer, Jeannine
_eautor
700 1 _aKidson, Peter
_eautor
700 1 _aMartindale, Andrew
_eautor
700 1 _aKitson, Michael
_eautor
700 1 _aLyton, Norbert
_eautor
942 _2lcc
_cLIB